000 00743nam a22001937a 4500
003 OSt
005 20251106015759.0
008 251106b |||||||| |||| 00| 0 eng d
020 _a978-621-427-045-3
040 _aDWCL-Main lib
_cOC
082 _aFil. 005.133 I61 2019
100 _aAbante, Marmelo V.
245 _a Title Introduction to Computer Programming and Logic Formulation Using C language programming ( programming language for beginners)/
_cMarmelo V. Abante
260 _aManila, Philippines :
_bUnlimited book library services & publishing inc.,
_cc2019.
300 _avi, 434 pages :
_b illustrations ;
_c25cm.
650 _a1. Computer program language
700 _a[AND SIX OTHERS]
942 _2ddc
_cBK-FIL
_kFil.
_n0
999 _c5534
_d5534